00817nam a2200181Ia 4500003000200000005001700002008004100019020001800060050002300078100001800101245010100119260005400220300004600274500020700320504002000527650006600547650002200613020240815111256.0191129s9999 xx 000 0 und d a0-8442-5606-4 aPN 6426b.C65 1996 aCollis, Harry cHarry Collisa101 American English riddles :bUnderstanding language and culture through humor / aLincolnwood, Ill., USA :bPassport Books,cc1996. a ix, 125 pages :billustrations ;c23 cm. aYou can't have one without the other -- What could it be? -- Double your pleasure -- Why ask? -- Mind twisters -- How's your math? -- Watch your language! -- Piece of cake -- It's not what you think ... aIncludes index. aEnglish languagevConversation and phrase books Americanisms aRiddles, American